Inauguración del Instituto Laboral en Villafranca del Panadés : es el primer centro de este tipo que se crea en nuestra provincia es el primer centro de este tipo que se crea en nuestra provincia
Descripción Física:
Il·lustracions
Colección:
San Jorge,
; núm. 1 (gener 1951), pàg. 37
Idioma:
Español
MARC
| LEADER | 00000naa a2200000 a 4500 | ||
|---|---|---|---|
| 003 | Arxiu | ||
| 005 | 20260324181054.0 | ||
| 008 | 160829s1951 spcaxx s spa c | ||
| 040 | |a agdb | ||
| 245 | 0 | 0 | |a Inauguración del Instituto Laboral en Villafranca del Panadés : |b es el primer centro de este tipo que se crea en nuestra provincia |
| 300 | |b Il·lustracions | ||
| 490 | |a San Jorge, |v núm. 1 (gener 1951), pàg. 37 | ||
| 610 | 2 | 0 | |9 54637 |a Instituto Laboral de Vilafranca del Penedès |
| 773 | |t San Jorge. |g Núm. 1 (gener 1951), pàg. 37 | ||
| 901 | |a Arxiu | ||
| 942 | |n 1 |2 udc |c ART | ||
| 952 | |0 0 |1 0 |4 0 |7 1 |9 64515 |a Arxiu |b Arxiu |d 2022-11-30 |o Rev-508 |r 2022-11-30 00:00:00 |w 2022-11-30 |y ARXIU |z També disponible a Rev-521 | ||
| 999 | |c 58940 |d 58940 | ||